<?xml version="1.0" encoding="UTF-8"?>
<record
    xmlns:xsi="http://www.w3.org/2001/XMLSchema-instance"
    xsi:schemaLocation="http://www.loc.gov/MARC21/slim http://www.loc.gov/standards/marcxml/schema/MARC21slim.xsd"
    xmlns="http://www.loc.gov/MARC21/slim">

  <leader>00372nam a22001457a 4500</leader>
  <controlfield tag="001">9789500115421</controlfield>
  <controlfield tag="003">AR-BeUNQ</controlfield>
  <controlfield tag="005">20220906010748.0</controlfield>
  <datafield tag="245" ind1=" " ind2="8">
    <subfield code="a">La maldici&#xF3;n del Chenque</subfield>
    <subfield code="c">Ariel Puyelli</subfield>
    <subfield code="h">soporte papel</subfield>
  </datafield>
  <datafield tag="250" ind1=" " ind2="8">
    <subfield code="a">2a. ed. </subfield>
  </datafield>
  <datafield tag="260" ind1=" " ind2="8">
    <subfield code="a">Boulogne :</subfield>
    <subfield code="b">Estrada, </subfield>
    <subfield code="c">2013.</subfield>
  </datafield>
  <datafield tag="490" ind1=" " ind2=" ">
    <subfield code="a">Azulejos, Roja; 42.</subfield>
  </datafield>
  <datafield tag="500" ind1=" " ind2=" ">
    <subfield code="a">Literatura juvenil Argentina. </subfield>
  </datafield>
  <datafield tag="942" ind1=" " ind2="8">
    <subfield code="c">LIB</subfield>
  </datafield>
  <datafield tag="999" ind1=" " ind2=" ">
    <subfield code="c">353</subfield>
    <subfield code="d">353</subfield>
  </datafield>
  <datafield tag="952" ind1=" " ind2=" ">
    <subfield code="0">0</subfield>
    <subfield code="1">0</subfield>
    <subfield code="7">0</subfield>
    <subfield code="a">BIBESET</subfield>
    <subfield code="b">BIBESET</subfield>
    <subfield code="c">circulacion</subfield>
    <subfield code="d">2022-09-05</subfield>
    <subfield code="l">0</subfield>
    <subfield code="o">863 / PUY</subfield>
    <subfield code="p">59608</subfield>
    <subfield code="r">2022-09-06</subfield>
    <subfield code="w">2022-09-06</subfield>
    <subfield code="y">LIB</subfield>
  </datafield>
</record>
